书目信息 |
| 题名: |
黎曼几何选讲
|
|
| 作者: | 陈维桓 著 | |
| 分册: | ||
| 出版信息: | 北京 北京大学出版社 1993 |
|
| 页数: | 234页 | |
| 开本: | 20cm | |
| 丛书名: | 北京大学数学丛书 | |
| 单 册: | ||
| 中图分类: | O186.11 | |
| 科图分类: | ||
| 主题词: | 几何 , 拓扑 | |
| 电子资源: | ||
| ISBN: | 7-301-02081-3 | |
| 000 | 00604nam0 2200217 450 | |
| 001 | 0732828906 | |
| 005 | 20070903090708.90 | |
| 010 | @a7-301-02081-3@d¥12.00 | |
| 100 | @a20070903d km y0chiy0120 ea | |
| 101 | 0 | @achi |
| 200 | 1 | @a黎曼几何选讲@Ali man ji he xuan jiang@f陈维桓著@Fchen wei huan zhu |
| 210 | @a北京@c北京大学出版社@d1993 | |
| 215 | @a234页@d20cm | |
| 225 | 2 | @a北京大学数学丛书 |
| 410 | 0 | @12001 @a北京大学数学丛书 |
| 606 | 0 | @a几何 |
| 606 | 0 | @a拓扑 |
| 690 | @aO186.11@v3 | |
| 701 | 0 | @a陈维桓@Achen wei huan@4著 |
| 801 | 0 | @aCN@bPFT@c20070903 |
| 905 | @a213230@dO186.11@eS127@f1 | |
| 黎曼几何选讲/陈维桓著.-北京:北京大学出版社,1993 |
| 234页;20cm.-(北京大学数学丛书) |
| ISBN 7-301-02081-3:¥12.00 |
| ● |
| 相关链接 |
|
|
|
|
正题名:黎曼几何选讲
索取号:O186.11/S127
 
预约/预借
| 序号 | 登录号 | 条形码 | 馆藏地/架位号 | 状态 | 备注 |
| 1 | 6702894 | 267028940 | 密集书库-数信学院/ [索取号:O186.11/S127] | 在馆 | |
| 2 | 6702895 | 267028959 | 密集书库-数信学院/ [索取号:O186.11/S127] | 在馆 | |
| 3 | 6702896 | 267028968 | 密集书库-数信学院/ [索取号:O186.11/S127] | 在馆 | |
| 4 | 6702897 | 267028977 | 密集书库-数信学院/ [索取号:O186.11/S127] | 在馆 | |
| 5 | 6702898 | 267028986 | 密集书库-数信学院/ [索取号:O186.11/S127] | 在馆 |